| 000 | 00466nam a2200169 i 4500 | ||
|---|---|---|---|
| 001 | 23397 | ||
| 003 | ES-MaACL | ||
| 005 | 20230906152850.0 | ||
| 007 | t| | ||
| 008 | 021210s1902 it ||||1| ita d | ||
| 100 | 1 |
_aAllen, Grant. _919988 |
|
| 245 | 1 | 3 |
_aLa vita delle plante / _cby Grant Allen ; traduzione di E. Ragazzoni. |
| 260 |
_aTorino, etc. : _bBocca, _c1902. |
||
| 300 |
_a282 p. ; _c21 cm. |
||
| 700 | 1 |
_aRagazzoni, E. _994983 |
|
| 852 |
_aES-MaACL _jF-5007 |
||
| 999 |
_c23397 _d23397 |
||